[Event "Copenhagen Ch"]
[Site "Copenhagen"]
[Date "2005.10.08"]
[Round "8"]
[White "Aabling Thomsen, Jakob"]
[Black "Pallesen, Jacob"]
[Result "1/2-1/2"]
[WhiteElo "2140"]
[BlackElo "1981"]
[PlyCount "120"]
[EventDate "2005.10.02"]
[EventType "swiss"]
[EventRounds "9"]
[EventCountry "DEN"]

1. e4 c5 2. Nf3 e6 3. Nc3 Nc6 4. d4 cxd4 5. Nxd4 a6 6. Be2 Qc7 7. O-O Nf6 8.
Be3 Bb4 9. Bf3 O-O 10. Nce2 Ne5 11. Ng3 Nxf3+ 12. Nxf3 b5 13. Qd3 Bb7 14. Bg5
Be7 15. e5 Nd5 16. Bxe7 Nxe7 17. Ng5 Ng6 18. f4 f5 19. exf6 Rxf6 20. Nh5 Rf5
21. Rad1 Rd5 22. Qe2 Nxf4 23. Rxf4 Rxg5 24. Rf2 Rf8 25. Rxf8+ Kxf8 26. Ng3 Ke7
27. Rf1 g6 28. Kh1 Qc5 29. Rf4 Re5 30. Qd2 Qd5 31. Qf2 Qd1+ 32. Nf1 Rf5 33.
Rxf5 gxf5 34. h3 Be4 35. Kh2 Qxc2 36. Nd2 Bd5 37. Qd4 Kf7 38. Kg3 Qc7+ 39. Kf2
d6 40. Kg3 Qc5 41. Qh8 Qe3+ 42. Nf3 Qh6 43. Qd8 Bxf3 44. Kxf3 Qh5+ 45. Kf2 Qd1
46. Qd7+ Kf6 47. Qxh7 Qd2+ 48. Kg1 Qe3+ 49. Kh1 d5 50. h4 d4 51. h5 d3 52. h6
Qe1+ 53. Kh2 Qh4+ 54. Kg1 Qe1+ 55. Kh2 Ke5 56. Qe7 Qe2 57. h7 Qh5+ 58. Kg3 Qg4+
59. Kh2 Qh5+ 60. Kg3 Qg4+ 1/2-1/2

[Event "Copenhagen Ch"]
[Site "Copenhagen"]
[Date "2005.10.02"]
[Round "2"]
[White "Aabling Thomsen, Jakob"]
[Black "Madsen, Poul Henrik"]
[Result "1-0"]
[WhiteElo "2140"]
[BlackElo "2017"]
[PlyCount "77"]
[EventDate "2005.10.02"]
[EventType "swiss"]
[EventRounds "9"]
[EventCountry "DEN"]

1. e4 c6 2. d4 d5 3. Nc3 dxe4 4. Nxe4 Nf6 5. Ng5 Bf5 6. Bc4 e6 7. Ne2 h6 8. Nf3
Bd6 9. Bf4 Qa5+ 10. c3 Qc7 11. Bxd6 Qxd6 12. Ng3 Bh7 13. Ne5 O-O 14. O-O Nbd7
15. Qe2 Nd5 16. f4 Rad8 17. Rae1 Nxe5 18. fxe5 Qe7 19. Bd3 Bxd3 20. Qxd3 c5 21.
Ne4 cxd4 22. Qxd4 b6 23. Qc4 Nc7 24. Rf6 Ne8 25. Rf2 Rd5 26. Ng3 Qg5 27. Qe4
Nc7 28. Rf4 Qg6 29. Qc4 Rc5 30. Qe2 Rd8 31. Ref1 Rdd5 32. Qf3 Qd3 33. Qh5 Rxe5
34. Qxf7+ Kh7 35. Rg4 Rg5 36. Ne4 Qe3+ 37. Kh1 Rcf5 38. Rxf5 Ne8 39. Nxg5+ 1-0

[Event "Copenhagen Ch"]
[Site "Copenhagen"]
[Date "2005.10.09"]
[Round "9"]
[White "Aabling Thomsen, Jakob"]
[Black "Ringsborg, Allan"]
[Result "1-0"]
[WhiteElo "2140"]
[BlackElo "1665"]
[PlyCount "33"]
[EventDate "2005.10.02"]
[EventType "swiss"]
[EventRounds "9"]
[EventCountry "DEN"]

1. e4 e5 2. f4 exf4 3. Nf3 Bc5 4. d4 Bb6 5. Bxf4 d6 6. Nc3 Bg4 7. Qd2 h6 8.
O-O-O Nc6 9. Bb5 Bd7 10. Rhe1 Nce7 11. Bc4 Bg4 12. Bg3 c6 13. d5 Qd7 14. e5
O-O-O 15. exd6 Nf5 16. Ne5 Nxd6 17. Nxd7 1-0

[Event "Copenhagen Ch"]
[Site "Copenhagen"]
[Date "2005.10.04"]
[Round "4"]
[White "Aabling Thomsen, Jakob"]
[Black "Hvenekilde, Jorgen"]
[Result "1/2-1/2"]
[WhiteElo "2140"]
[BlackElo "2172"]
[PlyCount "68"]
[EventDate "2005.10.02"]
[EventType "swiss"]
[EventRounds "9"]
[EventCountry "DEN"]

1. e4 d6 2. d4 g6 3. h4 Nf6 4. Nc3 c6 5. Bg5 Bg7 6. Qd2 b5 7. Bd3 Nbd7 8. Nf3
Nb6 9. Bxf6 exf6 10. h5 O-O 11. O-O-O b4 12. Ne2 a5 13. Qf4 Re8 14. hxg6 hxg6
15. Rh2 f5 16. Rdh1 fxe4 17. Ng5 Be6 18. Nxe4 Nd5 19. Qg3 Nf6 20. Nxd6 Re7 21.
Nc4 Bxc4 22. Bxc4 Nd5 23. Rh7 Re6 24. Nf4 Nxf4 25. Qxf4 Qf6 26. Qh2 Ree8 27.
Qc7 Re7 28. Qh2 Rae8 29. Qh4 Qxd4 30. Qxd4 Bxd4 31. R7h4 Re1+ 32. Rxe1 Rxe1+
33. Kd2 Bxf2 34. Bxf7+ Kxf7 1/2-1/2

[Event "Copenhagen Ch"]
[Site "Copenhagen"]
[Date "2005.10.06"]
[Round "6"]
[White "Aabling Thomsen, Jakob"]
[Black "Brondum, Eric"]
[Result "0-1"]
[WhiteElo "2140"]
[BlackElo "2137"]
[PlyCount "46"]
[EventDate "2005.10.02"]
[EventType "swiss"]
[EventRounds "9"]
[EventCountry "DEN"]

1. e4 c5 2. Nf3 d6 3. d4 cxd4 4. Qxd4 Nc6 5. Bb5 Bd7 6. Bxc6 Bxc6 7. Nc3 Nf6 8.
Bg5 e6 9. O-O-O Be7 10. Rhe1 O-O 11. Qd2 h6 12. Bf4 e5 13. Bg3 Rc8 14. Kb1 b5
15. Nh4 b4 16. Nd5 Nxd5 17. exd5 Ba4 18. Qxb4 Bxc2+ 19. Ka1 Bxd1 20. Rxd1 Qc7
21. a3 Qc2 22. Rd2 Qc1+ 23. Ka2 Rc4 0-1

[Event "Copenhagen Ch"]
[Site "Copenhagen"]
[Date "2005.10.04"]
[Round "4"]
[White "Akdag, Dara Sevkan"]
[Black "Pallesen, Jacob"]
[Result "1-0"]
[WhiteElo "1537"]
[BlackElo "1981"]
[PlyCount "145"]
[EventDate "2005.10.02"]
[EventType "swiss"]
[EventRounds "9"]
[EventCountry "DEN"]

1. d4 f5 2. g3 Nf6 3. Bg2 g6 4. Nf3 Bg7 5. b3 O-O 6. Bb2 d6 7. c4 Na6 8. Nbd2
c5 9. O-O Rb8 10. a3 b5 11. dxc5 Nxc5 12. cxb5 Bd7 13. b4 Ne6 14. a4 Qe8 15.
Qb3 Qf7 16. Rfc1 Rfc8 17. Nd4 Nc7 18. Qxf7+ Kxf7 19. Nc6 Bxc6 20. Bxc6 Nfd5 21.
Bxg7 Kxg7 22. Rab1 Kf7 23. Nc4 Ke6 24. Na3 Nb6 25. a5 Nd7 26. a6 Nd5 27. Nc4
Ne5 28. Nxe5 Kxe5 29. Bxd5 Kxd5 30. Rxc8 Rxc8 31. b6 axb6 32. b5 Ke6 33. Kg2
Kd7 34. f3 Rc7 35. Ra1 Rc8 36. h4 d5 37. Ra2 e5 38. g4 fxg4 39. fxg4 Kd6 40.
Kh3 Rc3+ 41. e3 Rc8 42. Ra3 Kd7 43. g5 Kd6 44. h5 Kd7 45. Rd3 Kd6 46. hxg6 hxg6
47. Kg3 Ke6 48. Ra3 Kd6 49. Ra2 Kd7 50. Rh2 Kd6 51. Rh6 Kc5 52. Rxg6 Kxb5 53.
a7 Ka6 54. Rg7 b5 55. Rc7 Ra8 56. Rc5 Rxa7 57. Rxd5 Re7 58. Kg4 b4 59. g6 b3
60. Kh5 b2 61. Rd1 Ka5 62. Kh6 Kb4 63. g7 Re6+ 64. Kh7 Re7 65. Kh8 Re8+ 66.
g8=Q Rxg8+ 67. Kxg8 Kc3 68. Kf7 Kc2 69. Rf1 b1=Q 70. Rxb1 Kxb1 71. Kf6 Kc2 72.
Kxe5 Kd3 73. e4 1-0

[Event "Copenhagen Ch"]
[Site "Copenhagen"]
[Date "2005.10.08"]
[Round "8"]
[White "Akdag, Dara Sevkan"]
[Black "Larsen, Peter Lautrup"]
[Result "0-1"]
[WhiteElo "1537"]
[BlackElo "2006"]
[PlyCount "90"]
[EventDate "2005.10.02"]
[EventType "swiss"]
[EventRounds "9"]
[EventCountry "DEN"]

1. d4 g6 2. c4 Bg7 3. e4 d6 4. Nc3 c6 5. Nf3 Nd7 6. Bd3 e5 7. d5 Ne7 8. Bg5 h6
9. Be3 f5 10. Qc2 f4 11. Bd2 Nf6 12. O-O-O Qb6 13. Rdf1 cxd5 14. cxd5 Bd7 15.
g3 g5 16. Ng1 Rc8 17. h4 Ng4 18. Be1 Bf6 19. gxf4 exf4 20. hxg5 hxg5 21. Rxh8+
Bxh8 22. Nf3 Bf6 23. Kb1 Ng6 24. e5 N6xe5 25. Nxe5 Nxe5 26. Bf5 Qa6 27. Bxd7+
Kxd7 28. Qf5+ Kc7 29. Rg1 Qd3+ 30. Qxd3 Nxd3 31. Kc2 Nxe1+ 32. Rxe1 Kd7 33. Re6
Bxc3 34. bxc3 Rc5 35. Rg6 Rxd5 36. Rg7+ Kc6 37. c4 Ra5 38. Kb3 Re5 39. a3 f3
40. Rf7 g4 41. Rf4 Re2 42. Rxg4 Rxf2 43. Rf4 Rf1 44. Kb2 b5 45. cxb5+ Kxb5 0-1

[Event "Copenhagen Ch"]
[Site "Copenhagen"]
[Date "2005.10.05"]
[Round "5"]
[White "Akdag, Dara Sevkan"]
[Black "Aabling Thomsen, Jakob"]
[Result "0-1"]
[WhiteElo "1537"]
[BlackElo "2140"]
[PlyCount "64"]
[EventDate "2005.10.02"]
[EventType "swiss"]
[EventRounds "9"]
[EventCountry "DEN"]

1. d4 Nf6 2. Nf3 e6 3. c4 c5 4. d5 exd5 5. cxd5 g6 6. b3 d6 7. Bb2 Bg7 8. e4
O-O 9. Bd3 Re8 10. Nbd2 Nxd5 11. Bxg7 Kxg7 12. O-O Nf4 13. Nc4 Nc6 14. Re1 Qf6
15. Bf1 Bg4 16. Qxd6 Re6 17. Qxc5 Bxf3 18. gxf3 Nd4 19. Bg2 Nxg2 20. Kxg2 Qxf3+
21. Kg1 Qg4+ 22. Kh1 Qf3+ 23. Kg1 Rd8 24. Ne5 Qf4 25. Qc7 Qg5+ 26. Kh1 Rxe5 27.
f4 Qxf4 28. Qxd8 Qf3+ 29. Kg1 Ne6 30. Qh4 Rg5+ 31. Qxg5 Nxg5 32. h4 Nh3+ 0-1

[Event "Copenhagen Ch"]
[Site "Copenhagen"]
[Date "2005.10.02"]
[Round "2"]
[White "Akdag, Dara Sevkan"]
[Black "Brondum, Eric"]
[Result "1/2-1/2"]
[WhiteElo "1537"]
[BlackElo "2137"]
[PlyCount "76"]
[EventDate "2005.10.02"]
[EventType "swiss"]
[EventRounds "9"]
[EventCountry "DEN"]

1. d4 Nf6 2. c4 g6 3. Nc3 Bg7 4. Bf4 d6 5. e4 O-O 6. Qd2 Nc6 7. Rd1 Re8 8. Bh6
Bh8 9. Nf3 e5 10. d5 Nd4 11. Bg5 Bg4 12. Be2 Nxf3+ 13. Bxf3 Bxf3 14. gxf3 Qd7
15. h4 Nh5 16. Ne2 f5 17. Ng3 Nxg3 18. fxg3 fxe4 19. fxe4 Qg4 20. Qe3 Rf8 21.
Rd3 Rf7 22. Qe2 Qxe2+ 23. Kxe2 Raf8 24. Rh2 Bg7 25. Rg2 h6 26. Bd2 Kh7 27. b4
h5 28. c5 a6 29. a4 Bh6 30. Be1 g5 31. hxg5 Bxg5 32. Rf2 Be7 33. Rxf7+ Rxf7 34.
cxd6 Bxd6 35. Rf3 Rxf3 36. Kxf3 b5 37. axb5 axb5 38. Bc3 Kg6 1/2-1/2

[Event "Copenhagen Ch"]
[Site "Copenhagen"]
[Date "2005.10.02"]
[Round "1"]
[White "Brondum, Eric"]
[Black "Schmidt, Horst Hubert"]
[Result "0-1"]
[WhiteElo "2137"]
[BlackElo "1812"]
[PlyCount "74"]
[EventDate "2005.10.02"]
[EventType "swiss"]
[EventRounds "9"]
[EventCountry "DEN"]

1. d4 d5 2. Nf3 Nf6 3. c4 e6 4. Nc3 Be7 5. Bf4 O-O 6. e3 b6 7. cxd5 Nxd5 8. Bg3
Ba6 9. Bxa6 Nxa6 10. O-O c5 11. Qe2 Nac7 12. Rfd1 Nxc3 13. bxc3 Nd5 14. Rac1
Qe8 15. e4 Nf6 16. d5 Nh5 17. Qa6 Nxg3 18. hxg3 exd5 19. exd5 Bd6 20. Re1 Qd7
21. Qd3 h6 22. Nh4 Rfe8 23. Nf5 Re5 24. Rxe5 Bxe5 25. Re1 Bf6 26. Qf3 Re8 27.
Nxh6+ Kf8 28. Rd1 Be5 29. Ng4 Bxc3 30. Ne3 g6 31. d6 Bd4 32. Rxd4 cxd4 33. Qf6
Kg8 34. Qxd4 Re6 35. Qh4 Qxd6 36. Ng4 Re1+ 37. Kh2 Qd1 0-1

[Event "Copenhagen Ch"]
[Site "Copenhagen"]
[Date "2005.10.08"]
[Round "8"]
[White "Brondum, Eric"]
[Black "Madsen, Poul Henrik"]
[Result "1-0"]
[WhiteElo "2137"]
[BlackElo "2017"]
[PlyCount "119"]
[EventDate "2005.10.02"]
[EventType "swiss"]
[EventRounds "9"]
[EventCountry "DEN"]

1. d4 d5 2. c4 c6 3. Nc3 Nf6 4. Nf3 e6 5. Bg5 Be7 6. e3 Nbd7 7. Bd3 O-O 8. Qc2
Re8 9. O-O dxc4 10. Bxc4 Nd5 11. Ne4 h6 12. Bxe7 Qxe7 13. Ng3 e5 14. Bxd5 cxd5
15. dxe5 Nxe5 16. Nxe5 Qxe5 17. Rfd1 Be6 18. Rd4 Rec8 19. Qb3 Rc4 20. Rad1 Rxd4
21. Rxd4 Qc7 22. Ne2 Rc8 23. Nc3 Qc6 24. h3 Qd6 25. a3 Qe5 26. Qb4 b6 27. Qe7
Qc7 28. Qxc7 Rxc7 29. Kf1 Kf8 30. Ke1 Ke8 31. Kd2 Rc4 32. Rd3 Rc8 33. Nxd5 Bxd5
34. Rxd5 Ke7 35. Rd4 Rc6 36. g4 Kf6 37. Rd7 a5 38. Rb7 Ke6 39. f4 g6 40. e4 f5
41. exf5+ gxf5 42. g5 Kd5 43. Kd3 Rd6 44. Rh7 hxg5 45. fxg5 Ke5+ 46. Ke2 Kf4
47. Rh6 Rd5 48. g6 Rb5 49. g7 Rxb2+ 50. Kd3 Rg2 51. Rh4+ Kf3 52. Rg4 fxg4 53.
g8=Q gxh3 54. Qf7+ Kg4 55. Ke3 Rg3+ 56. Ke2 Rg2+ 57. Kf1 Rg3 58. Qg6+ Kf3 59.
Qf5+ Ke3 60. Qf2+ 1-0

[Event "Copenhagen Ch"]
[Site "Copenhagen"]
[Date "2005.10.03"]
[Round "3"]
[White "Brondum, Eric"]
[Black "Petersen, Nils"]
[Result "1/2-1/2"]
[WhiteElo "2137"]
[BlackElo "1774"]
[PlyCount "47"]
[EventDate "2005.10.02"]
[EventType "swiss"]
[EventRounds "9"]
[EventCountry "DEN"]

1. e4 c5 2. Nc3 Nc6 3. f4 e6 4. Bc4 d6 5. Nf3 Nf6 6. d3 Na5 7. Bb5+ Bd7 8. e5
Bxb5 9. Nxb5 Nd5 10. O-O a6 11. Nc3 Nxc3 12. bxc3 d5 13. f5 exf5 14. e6 f6 15.
Nh4 g6 16. Rxf5 Qd6 17. Rf1 O-O-O 18. Qg4 f5 19. Qa4 Nc6 20. Nf3 Qxe6 21. Bd2
Bd6 22. Rab1 Qd7 23. Rb6 Na7 24. Qh4 1/2-1/2

[Event "Copenhagen Ch"]
[Site "Copenhagen"]
[Date "2005.10.02"]
[Round "1"]
[White "Hvenekilde, Jorgen"]
[Black "Tandrup, Michael"]
[Result "1-0"]
[WhiteElo "2172"]
[BlackElo "1779"]
[PlyCount "95"]
[EventDate "2005.10.02"]
[EventType "swiss"]
[EventRounds "9"]
[EventCountry "DEN"]

1. d4 Nf6 2. Bg5 c6 3. Nd2 d5 4. e3 Bf5 5. f3 Nbd7 6. Ne2 Qb6 7. Ng3 Bg6 8. Nb3
h6 9. Bf4 a5 10. Rb1 a4 11. Nc1 e6 12. Bd3 Bxd3 13. Nxd3 g5 14. Be5 Nxe5 15.
Nxe5 Bd6 16. f4 gxf4 17. exf4 h5 18. c3 h4 19. Nf1 Ne4 20. Nd2 f5 21. O-O Bxe5
22. fxe5 Nxd2 23. Qxd2 O-O-O 24. Qc2 Qa6 25. b3 a3 26. Rf3 Rdg8 27. h3 Rg7 28.
Rbf1 Rhg8 29. R1f2 Qa5 30. Qc1 Qd8 31. Qxa3 Qg5 32. Qb2 Qh6 33. Kf1 Rg3 34. Qd2
Qxd2 35. Rxd2 Rxf3+ 36. gxf3 Rg3 37. Kf2 Rxh3 38. Ke3 Rh1 39. Kf4 Rc1 40. Rh2
Rxc3 41. Rxh4 Rd3 42. Kg5 Rxf3 43. Kf6 Re3 44. Kxe6 Re4 45. Rh7 f4 46. Kd6 Kb8
47. e6 f3 48. Rf7 1-0

[Event "Copenhagen Ch"]
[Site "Copenhagen"]
[Date "2005.10.09"]
[Round "9"]
[White "Hvenekilde, Jorgen"]
[Black "Petersen, Nils"]
[Result "1/2-1/2"]
[WhiteElo "2172"]
[BlackElo "1774"]
[PlyCount "96"]
[EventDate "2005.10.02"]
[EventType "swiss"]
[EventRounds "9"]
[EventCountry "DEN"]

1. d4 Nf6 2. c4 e6 3. Nc3 Bb4 4. Bd2 O-O 5. e3 d5 6. Nf3 Nbd7 7. a3 Be7 8. Qc2
c5 9. cxd5 exd5 10. Be2 b6 11. O-O Bb7 12. Rad1 c4 13. Ne5 a6 14. f4 b5 15. Bf3
Nb6 16. Be1 Ne8 17. h3 Nd6 18. g3 a5 19. Qg2 f6 20. Ng4 Nf5 21. Nxb5 h5 22. Bd2
hxg4 23. hxg4 Nh6 24. Nc3 Qd7 25. f5 Nf7 26. Ne2 Ng5 27. Nf4 Kf7 28. Ng6 Rg8
29. Bc3 Bd6 30. Qd2 a4 31. Kg2 Nc8 32. Bb4 Ne7 33. Bxd6 Qxd6 34. Nf4 g6 35.
fxg6+ Nxg6 36. Qc2 Nxf4+ 37. gxf4 Nxf3 38. Kxf3 Qe6 39. f5 Qe4+ 40. Qxe4 dxe4+
41. Kf4 Bd5 42. Rh1 Rg7 43. Rh4 Rb8 44. Rd2 Rb3 45. Rc2 Kg8 46. Rh6 Kf7 47. Rh8
Rg8 48. Rh7+ Rg7 1/2-1/2

[Event "Copenhagen Ch"]
[Site "Copenhagen"]
[Date "2005.10.03"]
[Round "3"]
[White "Hvenekilde, Jorgen"]
[Black "Akdag, Dara Sevkan"]
[Result "1/2-1/2"]
[WhiteElo "2172"]
[BlackElo "1537"]
[PlyCount "89"]
[EventDate "2005.10.02"]
[EventType "swiss"]
[EventRounds "9"]
[EventCountry "DEN"]

1. d4 Nf6 2. Nf3 c5 3. d5 d6 4. c4 b5 5. a4 bxc4 6. Nc3 g6 7. e4 Bg7 8. Bxc4
O-O 9. O-O a5 10. Re1 Na6 11. h3 Nb4 12. Bf4 Ne8 13. Qd2 Ba6 14. Bxa6 Rxa6 15.
Bh6 Nc2 16. Bxg7 Nxe1 17. Bxf8 Nxf3+ 18. gxf3 Kxf8 19. Re1 Kg8 20. f4 Qd7 21.
Re3 Nc7 22. f5 Ra8 23. h4 Kh8 24. Rg3 Rg8 25. fxg6 Rxg6 26. Rxg6 hxg6 27. Qf4
Kg7 28. h5 gxh5 29. Qg5+ Kf8 30. Qxh5 e6 31. Qh8+ Ke7 32. Qh4+ Kf8 33. dxe6
fxe6 34. Qh8+ Ke7 35. e5 dxe5 36. Qg7+ Kd8 37. Qf8+ Ne8 38. Qxc5 Qc7 39. Qe3
Qd6 40. Qa7 Qb4 41. Qe3 Qxb2 42. Qxe5 Qb4 43. Ne4 Qxa4 44. Qxe6 Qd7 45. Qb6+
1/2-1/2

[Event "Copenhagen Ch"]
[Site "Copenhagen"]
[Date "2005.10.06"]
[Round "6"]
[White "Hvenekilde, Jorgen"]
[Black "Schmidt, Horst Hubert"]
[Result "1/2-1/2"]
[WhiteElo "2172"]
[BlackElo "1812"]
[PlyCount "65"]
[EventDate "2005.10.02"]
[EventType "swiss"]
[EventRounds "9"]
[EventCountry "DEN"]

1. d4 d5 2. c4 e6 3. Nc3 Nf6 4. Bg5 Be7 5. e3 Nbd7 6. Nf3 O-O 7. Qc2 c6 8. a3
a6 9. Rd1 b5 10. c5 Ne8 11. h4 f5 12. Bd3 Nef6 13. Ne2 Ne4 14. Nf4 Ndf6 15. Ne5
Qc7 16. b4 Re8 17. f3 Ng3 18. Rh3 Ngh5 19. Nxh5 Nxh5 20. g4 Nf6 21. gxf5 Nd7
22. Bf4 Nxe5 23. Bxe5 Qd8 24. Qg2 Bf6 25. Rg3 Ra7 26. Ke2 Bxe5 27. dxe5 exf5
28. Rg1 Qe7 29. f4 Rf8 30. h5 Rf7 31. Qh3 Kh8 32. Rg6 Be6 33. Ra1 1/2-1/2

[Event "Copenhagen Ch"]
[Site "Copenhagen"]
[Date "2005.10.05"]
[Round "5"]
[White "Hvenekilde, Jorgen"]
[Black "Madsen, Poul Henrik"]
[Result "1/2-1/2"]
[WhiteElo "2172"]
[BlackElo "2017"]
[PlyCount "71"]
[EventDate "2005.10.02"]
[EventType "swiss"]
[EventRounds "9"]
[EventCountry "DEN"]

1. d4 d5 2. Nf3 c6 3. Bf4 Bf5 4. e3 e6 5. Nbd2 Bd6 6. Bg3 Nf6 7. Be2 O-O 8. O-O
Bxg3 9. hxg3 Nbd7 10. Nh4 Be4 11. f3 Bg6 12. Nxg6 fxg6 13. f4 c5 14. c3 Qb6 15.
Qb3 c4 16. Qxb6 axb6 17. Bf3 b5 18. a3 Nb6 19. Rac1 Rfe8 20. Rfe1 Kf7 21. Rc2
Nc8 22. e4 Nb6 23. Nf1 Re7 24. Nh2 Ree8 25. Rf2 Kg8 26. Rfe2 Kf7 27. Ng4 Nxg4
28. Bxg4 Rad8 29. Bf3 Kf8 30. Kf2 Kf7 31. Re3 Kf8 32. R1e2 Kf7 33. Ke1 Kf8 34.
Kd2 Kf7 35. Bg4 Kf8 36. Bf3 1/2-1/2

[Event "Copenhagen Ch"]
[Site "Copenhagen"]
[Date "2005.10.06"]
[Round "6"]
[White "Larsen, Peter Lautrup"]
[Black "Pallesen, Jacob"]
[Result "1/2-1/2"]
[WhiteElo "2006"]
[BlackElo "1981"]
[PlyCount "53"]
[EventDate "2005.10.02"]
[EventType "swiss"]
[EventRounds "9"]
[EventCountry "DEN"]

1. g3 f5 2. d4 Nf6 3. Bg2 g6 4. Nh3 Bg7 5. c3 Nc6 6. Nd2 O-O 7. O-O h6 8. e4
fxe4 9. Nxe4 e6 10. Nf4 Ne7 11. h4 Rb8 12. Qd3 b6 13. Nd2 Qe8 14. Nf3 Nfd5 15.
Nxd5 Nxd5 16. Bd2 Bb7 17. Rae1 Ne7 18. Bf4 Rc8 19. c4 Bxf3 20. Bxf3 c6 21. d5
Qf7 22. dxe6 dxe6 23. Bg4 Nf5 24. Qe4 Rfe8 25. Be5 c5 26. Bxg7 Kxg7 27. Qe5+
1/2-1/2

[Event "Copenhagen Ch"]
[Site "Copenhagen"]
[Date "2005.10.04"]
[Round "4"]
[White "Larsen, Peter Lautrup"]
[Black "Tandrup, Michael"]
[Result "1/2-1/2"]
[WhiteElo "2006"]
[BlackElo "1779"]
[PlyCount "67"]
[EventDate "2005.10.02"]
[EventType "swiss"]
[EventRounds "9"]
[EventCountry "DEN"]

1. g3 d5 2. Bg2 Nf6 3. d3 g6 4. f4 Bg7 5. Nf3 O-O 6. O-O c6 7. c3 Qb6+ 8. e3
Bg4 9. Qb3 Nbd7 10. d4 Bxf3 11. Bxf3 Ne4 12. Nd2 Qxb3 13. axb3 Nxd2 14. Bxd2
Nf6 15. c4 Ne4 16. Bb4 Rfe8 17. Rfc1 f5 18. cxd5 cxd5 19. Rc7 Bf6 20. Rxb7 Reb8
21. Bxe4 dxe4 22. Raxa7 Rxb7 23. Rxa8+ Kf7 24. Ra4 Ke6 25. Kf2 g5 26. Bc5 Rxb3
27. Rb4 Rxb4 28. Bxb4 g4 29. Ke2 Kd5 30. b3 Kc6 31. Kd2 Kb5 32. Bc3 Bg7 33. Kc2
Bf8 34. Bd2 1/2-1/2

[Event "Copenhagen Ch"]
[Site "Copenhagen"]
[Date "2005.10.02"]
[Round "2"]
[White "Larsen, Peter Lautrup"]
[Black "Hvenekilde, Jorgen"]
[Result "1/2-1/2"]
[WhiteElo "2006"]
[BlackElo "2172"]
[PlyCount "87"]
[EventDate "2005.10.02"]
[EventType "swiss"]
[EventRounds "9"]
[EventCountry "DEN"]

1. g3 d5 2. Bg2 Nf6 3. d3 c6 4. Nd2 e5 5. Ngf3 Bd6 6. O-O O-O 7. e4 Re8 8. c3
Nbd7 9. Qc2 b6 10. Re1 Bb7 11. b4 Rc8 12. Rb1 Nf8 13. Nh4 g6 14. Bb2 Bb8 15.
Nf1 Ne6 16. Nf3 dxe4 17. dxe4 c5 18. Rbd1 Qe7 19. b5 c4 20. N3d2 Qc5 21. a4 Ng4
22. Nb1 Red8 23. Ba3 Qc7 24. h3 Nf6 25. Ne3 Rxd1 26. Rxd1 Rd8 27. Rxd8+ Nxd8
28. Nd2 Ne6 29. Nexc4 Nc5 30. Ne3 Qd8 31. Bxc5 bxc5 32. c4 Bc7 33. Nd5 Nd7 34.
Nb3 Ba5 35. Qd3 Kg7 36. Qe3 Bxd5 37. exd5 Bb4 38. Bf1 Qf6 39. Nc1 Qd6 40. Nd3
Ba5 41. h4 f5 42. Bh3 h5 43. f3 Bd8 44. Kg2 1/2-1/2

[Event "Copenhagen Ch"]
[Site "Copenhagen"]
[Date "2005.10.09"]
[Round "9"]
[White "Larsen, Peter Lautrup"]
[Black "Brondum, Eric"]
[Result "1/2-1/2"]
[WhiteElo "2006"]
[BlackElo "2137"]
[PlyCount "35"]
[EventDate "2005.10.02"]
[EventType "swiss"]
[EventRounds "9"]
[EventCountry "DEN"]

1. c4 g6 2. Nc3 Bg7 3. g3 Nf6 4. Bg2 O-O 5. Nf3 d6 6. O-O Nc6 7. d3 e5 8. Rb1
a5 9. a3 Re8 10. Ne1 Bf5 11. Nc2 Qd7 12. b4 axb4 13. axb4 Bh3 14. b5 Bxg2 15.
Kxg2 Nd4 16. Bg5 c6 17. bxc6 bxc6 18. Bxf6 1/2-1/2

[Event "Copenhagen Ch"]
[Site "Copenhagen"]
[Date "2005.10.07"]
[Round "7"]
[White "Larsen, Peter Lautrup"]
[Black "Aabling Thomsen, Jakob"]
[Result "1-0"]
[WhiteElo "2006"]
[BlackElo "2140"]
[PlyCount "95"]
[EventDate "2005.10.02"]
[EventType "swiss"]
[EventRounds "9"]
[EventCountry "DEN"]

1. c4 e5 2. Nc3 Nf6 3. a3 Nc6 4. Nf3 g6 5. g3 Bg7 6. Bg2 O-O 7. O-O d6 8. d3
Nh5 9. Nd5 h6 10. Ne1 f5 11. e3 f4 12. exf4 Be6 13. f5 Bxd5 14. Bxd5+ Kh8 15.
fxg6 Nf6 16. Bg2 Qe8 17. Nc2 Qxg6 18. Be3 Rf7 19. Qd2 Raf8 20. Rae1 Nh7 21. b4
Ng5 22. Bxg5 hxg5 23. b5 Nd8 24. Ne3 Ne6 25. Be4 Qh5 26. Qd1 Qh6 27. Nc2 Nc5
28. Bg2 Qg6 29. Nb4 Bf6 30. Qg4 Rh7 31. Rd1 Qh6 32. h3 Rhf7 33. Nd5 b6 34. Nc3
Nb3 35. Ne4 Nd4 36. a4 Bd8 37. Ra1 Qg6 38. a5 bxa5 39. Rxa5 c6 40. Ra6 Bb6 41.
bxc6 Nxc6 42. Rxb6 axb6 43. Nxg5 Nd4 44. Nxf7+ Qxf7 45. Qh4+ Kg7 46. Qg5+ Kh8
47. Qh6+ Kg8 48. Bd5 1-0

[Event "Copenhagen Ch"]
[Site "Copenhagen"]
[Date "2005.10.09"]
[Round "9"]
[White "Madsen, Poul Henrik"]
[Black "Ohayv, Nikolaj"]
[Result "1-0"]
[WhiteElo "2017"]
[BlackElo "1764"]
[PlyCount "73"]
[EventDate "2005.10.02"]
[EventType "swiss"]
[EventRounds "9"]
[EventCountry "DEN"]

1. d4 d5 2. Nf3 c5 3. e3 cxd4 4. exd4 e6 5. Bd3 Nc6 6. O-O Nf6 7. Re1 Bd7 8. c3
Be7 9. Nbd2 Qb6 10. Ne5 Nxe5 11. dxe5 Ng8 12. Nb3 Bc5 13. Nxc5 Qxc5 14. Be3 Qc7
15. Qg4 g6 16. Bg5 h5 17. Qf4 f5 18. exf6 Qxf4 19. Bxf4 Kf8 20. Bxg6 Nxf6 21.
Be5 Kg7 22. Bd3 Kf7 23. Re3 Ke7 24. Rf3 Raf8 25. Bd4 b6 26. a4 Rhg8 27. a5 Ng4
28. Rxf8 Rxf8 29. axb6 axb6 30. Bxb6 Kf6 31. f3 Nh6 32. Ra7 Rf7 33. b4 e5 34.
Bd8+ Kg7 35. Bc7 Kf6 36. Ra6+ Be6 37. Bd8+ 1-0

[Event "Copenhagen Ch"]
[Site "Copenhagen"]
[Date "2005.10.07"]
[Round "7"]
[White "Madsen, Poul Henrik"]
[Black "Tandrup, Michael"]
[Result "1/2-1/2"]
[WhiteElo "2017"]
[BlackElo "1779"]
[PlyCount "121"]
[EventDate "2005.10.02"]
[EventType "swiss"]
[EventRounds "9"]
[EventCountry "DEN"]

1. d4 d5 2. Nf3 Nf6 3. e3 Bg4 4. c4 c6 5. Qb3 Qc8 6. Ne5 Bf5 7. cxd5 Nxd5 8. e4
Bxe4 9. Nc3 Bf5 10. Nxd5 Be6 11. Bc4 cxd5 12. Bb5+ Nd7 13. Bf4 Qd8 14. O-O f6
15. Nxd7 Bxd7 16. Qxd5 Bxb5 17. Qxb5+ Qd7 18. Qb3 Rd8 19. Rac1 Qxd4 20. Be3 Qd5
21. Qa4+ Qd7 22. Qxa7 e6 23. Qb6 Bd6 24. Bc5 Qc6 25. Rfd1 Bc7 26. Qxc6+ bxc6
27. Rxd8+ Kxd8 28. Kf1 Kc8 29. Rd1 Rd8 30. Rxd8+ Bxd8 31. Ke2 Kb7 32. Kd3 Bc7
33. h3 Be5 34. b4 Bb2 35. a4 Be5 36. Ke4 Bc7 37. f4 f5+ 38. Ke3 Bd8 39. g4 g6
40. g5 Bc7 41. Kf3 Bb8 42. Bd4 Bd6 43. Bc3 Bc7 44. Ke3 Bd6 45. Bd2 e5 46. fxe5
Bxe5 47. Kd3 Kb6 48. Be3+ Kc7 49. Bf2 Bd6 50. Kc4 Bf4 51. h4 Bd6 52. b5 cxb5+
53. axb5 Kb7 54. Kd5 Bc7 55. Ke6 Bb6 56. Bg3 Be3 57. Kf7 f4 58. Bxf4 Bxf4 59.
Kg7 Bg3 60. Kxh7 Bxh4 61. Kxg6 1/2-1/2

[Event "Copenhagen Ch"]
[Site "Copenhagen"]
[Date "2005.10.04"]
[Round "4"]
[White "Madsen, Poul Henrik"]
[Black "Schmidt, Horst Hubert"]
[Result "1-0"]
[WhiteElo "2017"]
[BlackElo "1812"]
[PlyCount "71"]
[EventDate "2005.10.02"]
[EventType "swiss"]
[EventRounds "9"]
[EventCountry "DEN"]

1. d4 Nf6 2. Nf3 e6 3. e3 c5 4. Bd3 d5 5. b3 cxd4 6. exd4 Nc6 7. O-O Be7 8. Re1
O-O 9. c3 Qc7 10. Bg5 h6 11. Bh4 Re8 12. Nbd2 e5 13. dxe5 Ng4 14. Bg3 Bc5 15.
b4 Bb6 16. h3 Ngxe5 17. b5 Nxf3+ 18. Nxf3 Rxe1+ 19. Qxe1 Qd7 20. bxc6 Qxc6 21.
Nd4 Bxd4 22. cxd4 Be6 23. Qb4 a6 24. a4 Rd8 25. Qc5 Qd7 26. Qc7 Qxc7 27. Bxc7
Rd7 28. Rc1 g6 29. Be5 Rd8 30. Rc7 Bc8 31. a5 Re8 32. Bc2 Be6 33. Rxb7 Rc8 34.
Rb8 Rxb8 35. Bxb8 Kf8 36. Ba4 1-0